Estimation and Moral Hazard <An> Application of Duality Theory

Gespeichert in:
Bibliographische Detailangaben
1. Verfasser: Chee-wah, Cheah
Format: Buch
Sprache:Englisch
Veröffentlicht: Queensland University 1991
Ausgabe:1. ed.
Schriftenreihe:Discussion Paper in Economics No. 54
Tags: Tag hinzufügen
Keine Tags, Fügen Sie das erste Tag hinzu!

MARC

LEADER 00000nam a2200000 4500
001 c030416
005 20221214093536.2
041 0 |a eng 
044 |a AU 
245 1 0 |a Estimation and Moral Hazard  |b <An> Application of Duality Theory  |c Cheah Chee-Wah 
250 |a 1. ed. 
264 1 |a Queensland  |b University  |c 1991 
300 |a 16 s. 
490 1 |a Discussion Paper in Economics  |v No. 54 
830 0 |a Discussion Paper in Economics  |v No. 54 
100 1 |a Chee-wah, Cheah